000 00742nam a2200253Ia 4500
003 OSt
005 20221005041818.0
006 a|||||r|||| 00| 0
007 ta
008 221004b |||||||| |||| 00| 0 hin d
020 _c150
024 _a86648
037 _b156, 28/03/2007, Swaraj Book Distributor
_cTextual
040 _aCRL
_cCRL
_bhin
041 _2hin
_ahin
082 _aO168,1:g, 152N9
100 _aNaresh Nadeem
245 0 _aUrdu kavita aur chhand shastra
260 _aDelhi
_bSaransh Prakashan India
_c1999
300 _a175p.
_ccm.
650 _aENGLISH LITERATURE
942 _hO168,1:g, 152N9
_cTEXL
_2cc
999 _c949136
_d949136